Don't fear AI (Volume 2) (Record no. 89871)

MARC details
000 -LEADER
fixed length control field 02060nam a2200229Ia 4500
000 - LEADER
fixed length control field 02509naaa 00277uu
001 - CONTROL NUMBER
control field https://directory.doabooks.org/handle/20.500.12854/64159
008 - FIXED-LENGTH DATA ELEMENTS--GENERAL INFORMATION
fixed length control field 211013s9999 xx 000 0 und d
024 ## - OTHER STANDARD IDENTIFIER
Standard number or code https://doi.org/10.2867/939083
042 ## - AUTHENTICATION CODE
Authentication code dc
100 1# - MAIN ENTRY--PERSONAL NAME
Personal name Atkinson, Robert
245 #0 - TITLE STATEMENT
Title Don't fear AI (Volume 2)
260 ## - PUBLICATION, DISTRIBUTION, ETC.
Name of publisher, distributor, etc. European Investment Bank
Date of publication, distribution, etc. 2019
520 ## - SUMMARY, ETC.
Summary, etc. Over the last decade, Europe and most advanced economies have experienced a decline in productivity, leading to political unrest and rising uncertainty about the future. A new production revolution, enabled in part by artificial intelligence (AI), is now emerging, bringing a new wave of technologies, but there are widespread fears that these changes will also bring a big rise in unemployment as machines replace human beings in large numbers. History tells us that we should not be afraid of industrial change. AI will take over some tasks, but this will not happen all of a sudden and there will be plenty of work left for humans. Restricting or slowing down new technology will not help the world economy. Instead, nations need to help people adjust to more technically advanced jobs, while education should focus more on 21st century skills such as teamwork and critical thinking. These are our next real challenges. This is the second essay in the Big Ideas series created by the European Investment Bank. The EIB has invited international thought leaders to write about the most important issues of the day. These essays are a reminder that we need new thinking to protect the environment, promote equality and improve people's 2019;s lives around the globe.
540 ## - TERMS GOVERNING USE AND REPRODUCTION NOTE
Terms governing use and reproduction Creative Commons
653 ## - INDEX TERM--UNCONTROLLED
Uncontrolled term Business & Economics
700 1# - ADDED ENTRY--PERSONAL NAME
Personal name European Investment Bank
700 1# - ADDED ENTRY--PERSONAL NAME
Personal name European Investment Bank
856 ## - ELECTRONIC LOCATION AND ACCESS
Uniform Resource Identifier <a href="https://docs.google.com/spreadsheets/d/1yKIrdCPDAG_9c22mwoOIO2DOhtj65Wqa/edit?usp=sharing&ouid=106555315294820607512&rtpof=true&sd=true ">https://docs.google.com/spreadsheets/d/1yKIrdCPDAG_9c22mwoOIO2DOhtj65Wqa/edit?usp=sharing&ouid=106555315294820607512&rtpof=true&sd=true </a>
Link text List of Curated E-Books
942 ## - ADDED ENTRY ELEMENTS (KOHA)
Koha item type E-Book

No items available.

University of Rizal System
Email us at univlibservices@urs.edu.ph

Visit our Website www.urs.edu.ph/library